<?xml version="1.0" encoding="UTF-8"?>
<record
    xmlns:xsi="http://www.w3.org/2001/XMLSchema-instance"
    xsi:schemaLocation="http://www.loc.gov/MARC21/slim http://www.loc.gov/standards/marcxml/schema/MARC21slim.xsd"
    xmlns="http://www.loc.gov/MARC21/slim">

  <leader>00930nam a2200253Ia 4500</leader>
  <controlfield tag="008">200830s9999||||xx |||||||||||||| ||und||</controlfield>
  <datafield tag="020" ind1=" " ind2=" ">
    <subfield code="a">750047489X</subfield>
  </datafield>
  <datafield tag="020" ind1=" " ind2=" ">
    <subfield code="a">9787500474890</subfield>
  </datafield>
  <datafield tag="041" ind1=" " ind2=" ">
    <subfield code="a">chi</subfield>
    <subfield code="h">eng</subfield>
  </datafield>
  <datafield tag="050" ind1=" " ind2=" ">
    <subfield code="a">BT26 </subfield>
    <subfield code="b">.M3712 2009</subfield>
  </datafield>
  <datafield tag="100" ind1=" " ind2=" ">
    <subfield code="a">McGrath, &#xA0;Alister E.</subfield>
  </datafield>
  <datafield tag="245" ind1=" " ind2="0">
    <subfield code="a">&#x5B97;&#x6559;&#x6539;&#x9769;&#x8FD0;&#x52A8;&#x601D;&#x6F6E;:</subfield>
    <subfield code="b"> = Reformation thought : an introduction /</subfield>
    <subfield code="c">&#x963F;&#x5229;&#x65AF;&#x7279;.&#x9EA6;&#x683C;&#x62C9;&#x601D; (&#xA0;Alister E. McGrath) &#x8457;; &#x8521;&#x9526;&#x56FE;, &#x9648;&#x4F50;&#x4EBA;&#x8BD1;</subfield>
  </datafield>
  <datafield tag="246" ind1=" " ind2=" ">
    <subfield code="a">&#x5B97;&#x6559;&#x6539;&#x9769;&#x904B;&#x52D5;&#x601D;&#x6F6E;:</subfield>
    <subfield code="b">= Reformation thought : an introduction/</subfield>
  </datafield>
  <datafield tag="260" ind1=" " ind2=" ">
    <subfield code="a">&#x5317;&#x4EAC; : </subfield>
    <subfield code="b">&#x4E2D;&#x56FD;&#x793E;&#x4F1A;&#x79D1;&#x5B66;&#x51FA;&#x7248;&#x793E;,</subfield>
    <subfield code="c">2015, c2009</subfield>
  </datafield>
  <datafield tag="300" ind1=" " ind2=" ">
    <subfield code="a">2, 6, 7, 317 p.</subfield>
    <subfield code="b">;</subfield>
    <subfield code="c">23 cm.</subfield>
  </datafield>
  <datafield tag="500" ind1=" " ind2=" ">
    <subfield code="a">Translation of: Reformation thought: an introduction.</subfield>
  </datafield>
  <datafield tag="650" ind1=" " ind2=" ">
    <subfield code="a">Reformation.</subfield>
  </datafield>
  <datafield tag="650" ind1=" " ind2=" ">
    <subfield code="a">Theology, Doctrinal History 16th century.</subfield>
  </datafield>
  <datafield tag="650" ind1=" " ind2=" ">
    <subfield code="a">Theology, Doctrinal.</subfield>
  </datafield>
  <datafield tag="700" ind1=" " ind2=" ">
    <subfield code="a">&#x8521;&#x9526;&#x56FE;</subfield>
  </datafield>
  <datafield tag="700" ind1=" " ind2=" ">
    <subfield code="a">&#x963F;&#x5229;&#x65AF;&#x7279;.&#x9EA6;&#x683C;&#x62C9;&#x601D;</subfield>
  </datafield>
  <datafield tag="700" ind1=" " ind2=" ">
    <subfield code="a">&#x9648;&#x4F50;&#x4EBA;</subfield>
  </datafield>
  <datafield tag="952" ind1=" " ind2=" ">
    <subfield code="0">0</subfield>
    <subfield code="1">0</subfield>
    <subfield code="4">0</subfield>
    <subfield code="7">0</subfield>
    <subfield code="a">GETS</subfield>
    <subfield code="b">GETS</subfield>
    <subfield code="c">GEN</subfield>
    <subfield code="d">2020-08-30</subfield>
    <subfield code="l">2</subfield>
    <subfield code="m">2</subfield>
    <subfield code="o">BT26 .M3712 2009</subfield>
    <subfield code="p">00011187</subfield>
    <subfield code="r">2022-12-29 00:00:00</subfield>
    <subfield code="s">2022-11-07</subfield>
    <subfield code="w">2020-08-30</subfield>
    <subfield code="y">CB</subfield>
  </datafield>
  <datafield tag="952" ind1=" " ind2=" ">
    <subfield code="0">0</subfield>
    <subfield code="1">0</subfield>
    <subfield code="4">0</subfield>
    <subfield code="7">0</subfield>
    <subfield code="a">GETS</subfield>
    <subfield code="b">GETS</subfield>
    <subfield code="c"> GEN</subfield>
    <subfield code="d">2023-05-20</subfield>
    <subfield code="l">4</subfield>
    <subfield code="m">3</subfield>
    <subfield code="o">BT26 .M3712 2009</subfield>
    <subfield code="p">00030824</subfield>
    <subfield code="q">2026-02-26</subfield>
    <subfield code="r">2025-06-19 13:53:57</subfield>
    <subfield code="s">2025-06-19</subfield>
    <subfield code="t">c.2</subfield>
    <subfield code="w">2023-05-20</subfield>
    <subfield code="y">CB</subfield>
  </datafield>
  <datafield tag="999" ind1=" " ind2=" ">
    <subfield code="c">23422</subfield>
    <subfield code="d">23422</subfield>
  </datafield>
</record>
